| 000 | 00641nam a2200205Ia 4500 | ||
|---|---|---|---|
| 003 | GCL | ||
| 008 | 140319s9999 xx 000 0 ara d | ||
| 040 |
_aGCL / _cGCL |
||
| 082 | 0 | 4 |
_a811.009 _bا ت |
| 100 | 1 | _aاحسان عباس | |
| 245 | 1 | 0 |
_aتاريخ النقد الادبى عند العرب نقد الشعر من القرن الثامن الهجرى / _cاحسان عباس |
| 260 |
_a[S.N] : _bدار الشروق ، _c1993 |
||
| 300 | _a696 ص | ||
| 490 | _a | ||
| 650 | 0 | 4 | _aالشعر العربى |
| 650 | 0 | 4 | _aالادب العربى |
| 650 | 0 | 4 | _aالائتمان |
| 650 | 0 | 4 | _aتاريخ ونقد |
| 942 |
_2ddc _cBK |
||
| 999 |
_c31891 _d31891 |
||